| 000 | 00456nam a2200157Ia 4500 | ||
|---|---|---|---|
| 003 | SGT | ||
| 020 | _a9788131705032 | ||
| 082 |
_a621.367 _bJAI |
||
| 100 | _aJain,Anil K | ||
| 245 | _aFundamentals of digital image processing | ||
| 260 |
_bPearson _aN.Delhi _c2007 |
||
| 300 | _a508p. | ||
| 650 | _aELECTRONICS ENGINEERING | ||
| 653 | _aACKNOWLEDGMENTS,IMAGE PERCEPTION,IMAGE SAMPLING AND QUANTIZATION,IMAGE TRANSFORMS,IMAGE ENHANCEMENT | ||
| 942 |
_2ddc _cBK |
||
| 999 |
_c5009 _d5009 |
||